| 000 | 00572nam a2200121Ia 4500 | ||
|---|---|---|---|
| 008 | 220615s9999||||xx |||||||||||||| ||und|| | ||
| 100 | _aViaud-Delmon, Isabelle||Ferscha, Alois||Gaggioli, Andrea||Riva, Giuseppe||Dunne, Stephen | ||
| 245 | 0 | _aHuman Computer Confluence. Transforming Human Experience Through Symbiotic Technologies | |
| 546 | _aEnglish[eng] | ||
| 650 | _aMedia psychology||Pervasive Computing||Social Networking||Embodied Cognition||Media Modeling||Behavior||SNSs||Human Computer Interaction | ||
| 856 | _uhttps://doi.org/10.1515/9783110471137 | ||
| 942 | _cEB | ||
| 999 |
_c18864 _d18864 |
||